Central Library OPAC University of Rajshahi

ROLE OF COMMUNITY RADIO IN DISASTER RISK MANAGEMENT : (Record no. 81294)

MARC details
000 -LEADER
fixed length control field 00992nam a2200241 a 4500
001 - CONTROL NUMBER
RUCL Control Number 81294
003 - CONTROL NUMBER IDENTIFIER
rucl marc code BD-RjUL
005 - DATE AND TIME OF LATEST TRANSACTION
control field 20230319112100.0
008 - FIXED-LENGTH DATA ELEMENTS--GENERAL INFORMATION
fixed length control field 230319s2019 bg a|||| m||| 00| 0 eng d
035 ## - SYSTEM CONTROL NUMBER
system control number (BD-RjUL)81294
040 ## - CATALOGING SOURCE
Original cataloging agency BD-RjUL
Language of cataloging eng
Transcribing agency BD-RjUL
Modifying agency BD-RjUL
041 ## - LANGUAGE CODE
Language code of Book eng
082 ## - DEWEY DECIMAL CLASSIFICATION NUMBER
DDC Edition number 23
Classification number 353.95
Author mark and Year KAR 2019
100 ## - MAIN ENTRY--PERSONAL NAME
Personal name Kaioum, Md. Mamun Abdul
9 (RLIN) 7172
245 10 - TITLE STATEMENT
Title ROLE OF COMMUNITY RADIO IN DISASTER RISK MANAGEMENT :
Remainder of title A STUDY ON COASTAL AREAS IN BANGLADESH /
Statement of responsibility, etc Md. Mamun Abdul Kaioum
Name of Supervisor/Co-Supervisor Supervisor : Pradip Kumar Panday
260 ## - PUBLICATION, DISTRIBUTION, ETC. (IMPRINT)
Place of publication, distribution, etc Rajshahi :
Name of publisher, distributor, etc Department of Mass Communication and Journalism,University of Rajshahi
Date of publication, distribution, etc 2019
300 ## - PHYSICAL DESCRIPTION
Pagination [1], xvii, [1],291 leaves :
Other physical details ill.;
Dimensions 29 cm.
502 ## - DISSERTATION NOTE
Dissertation note Thesis(M.Phil.)-- Department of Mass Communication and Journalism,University of Rajshahi,2019
504 ## - BIBLIOGRAPHY, ETC. NOTE
Bibliography, etc References : Leaves 255-276
650 ## - SUBJECT ADDED ENTRY--TOPICAL TERM
Topical term or geographic name as entry element Community Radio
General subdivision Earth Sciences
Geographic subdivision Bangladesh
9 (RLIN) 7173
700 ## - ADDED ENTRY--SUPERVISOR/CO-SUPERVISOR NAME
Personal name Panday, Pradip Kumar, Supervisor
9 (RLIN) 5430
942 ## - ADDED ENTRY ELEMENTS (KOHA)
Source of classification or shelving scheme Dewey Decimal Classification
Koha item type Theses
Holdings
Source of classification or shelving scheme Damaged status Not for loan Collection code Permanent Location Current Location Shelving location Date of accession Source of acquisition Total Checkouts Full call number Barcode Date last seen Copy number Thesis
Dewey Decimal Classification   Not For Loan Theses Central Library, University of Rajshahi Central Library, University of Rajshahi Documentation Section 22/12/2021 Controller of Exam. R.U.   THE 353.95 KAR 2019 D4460 19/03/2023 C-1 Theses